241227 - Quiz quotidien du 27 décembre 2024 - Statistiques

Statistiques générales
  • Ce quiz a été pris 70 fois
  • Le résultat moyen est 6 sur 10
Statistiques - réponses
Question Réponse % Correct
De quelle couleur est Pac-Man ? Jaune
100%
Qui a écrit "Le Petit Prince" ? Antoine de Saint-Exupéry
82%
Quel est l'os le plus long du corps humain ? Fémur
76%
Parmi ces inventions, laquelle Galilée a-t-il été l'un des premiers à utiliser ? Télescope
76%
Quelle est la province la plus peuplée du Canada ? Ontario
71%
Quel pays est devenu, en 2001, le premier à légaliser le mariage homosexuel ? Pays-Bas
71%
Quelle chanson d'Eminem parle d'un fan déséquilibré et obsédé ? Stan
71%
Quel est le nom officiel de la Corée du Nord République populaire démocratique de Corée
65%
Que signifie l'expression danoise "leg godt" ? Bien jouer
18%
Quel groupe à sorti en 1970 un album éponyme qui est souvent considéré comme le premier véritable album de heavy metal ? Black Sabbath
18%
Aucun quiz correspondant
Distribution des résultats
% des personnes avec chaque résultat
Percentile par nombre de réponses
Votre historique - résultats
Vous n’avez pas pris ce quiz